[Event "English Online Blitz Gp1"]
[Site "chess.com INT"]
[Date "2020.05.09"]
[Round "7"]
[White "Zakarian, David"]
[Black "Kalavannan, Koby"]
[Result "0-1"]
[WhiteTitle "FM"]
[BlackTitle "FM"]
[WhiteElo "2306"]
[BlackElo "2324"]
[WhiteFideId "13301276"]
[BlackFideId "425753"]
[EventDate "2020.05.09"]
[EventType "blitz"]

1. e4 c5 2. Nf3 Nc6 3. Bb5 Nf6 4. Nc3 Qc7 5. O-O Nd4 6. Re1 a6 7. Bf1 e5 8. Nd5
Nxd5 9. exd5 Nxf3+ 10. Qxf3 d6 11. c3 Be7 12. d4 cxd4 13. cxd4 O-O 14. dxe5 dxe5
15. Bd2 f5 16. Rac1 Qd6 17. a3 a5 18. Qb3 Bd7 19. Bb5 a4 20. Qd3 e4 21. Qe2 Bxb5
22. Qxb5 Rfd8 23. Bb4 Qd7 24. Qxd7 Rxd7 25. Bxe7 Rxe7 26. Red1 Rd7 27. Rc4 Kf7
28. Kf1 Kf6 29. Ke2 Ke5 30. Rb4 Ra5 31. d6 g5 32. Rdd4 h5 33. Rxa4 Rxa4 34. Rxa4
Rxd6 35. Ra5+ Ke6 36. Rb5 b6 37. g3 Rc6 38. Ke3 Rd6 39. h4 gxh4 40. gxh4 Rd3+
41. Ke2 Rh3 42. Rxb6+ Ke5 43. a4 Rxh4 44. a5 Rh1 45. Rb3 Ra1 46. Rb5+ Kf4 47. b4
h4 48. Rb8 Ra2+ 49. Ke1 Kf3 50. Rh8 Ra1+ 51. Kd2 Kxf2 52. Rxh4 e3+ 53. Kd3 e2
54. Rh2+ Kf3 55. Rxe2 Ra3+ 56. Kc4 Kxe2 0-1

[Event "English Online Blitz Gp1"]
[Site "chess.com INT"]
[Date "2020.05.09"]
[Round "7"]
[White "Willow, Jonah B"]
[Black "Greet, Andrew N"]
[Result "1-0"]
[WhiteTitle "FM"]
[BlackTitle "IM"]
[WhiteElo "2386"]
[BlackElo "2417"]
[WhiteFideId "438804"]
[BlackFideId "405817"]
[EventDate "2020.05.09"]
[EventType "blitz"]

1. e4 e5 2. Nf3 Nf6 3. Nc3 Nc6 4. Bb5 Nd4 5. Bc4 d6 6. Nxd4 exd4 7. Nd5 Nxd5 8.
Bxd5 c6 9. Bb3 g6 10. O-O Bg7 11. d3 O-O 12. f4 d5 13. exd5 cxd5 14. Qf3 Be6 15.
Bd2 Qd7 16. h3 h5 17. Rae1 Rfe8 18. Kh2 Rad8 19. Re2 Rc8 20. Rfe1 Red8 21. Rg1
h4 22. Be1 Bf6 23. Bf2 a5 24. a4 b5 25. axb5 Qxb5 26. Ra1 Qb6 27. Ree1 Kg7 28.
Ra4 Bd7 29. Qxd5 Be8 30. Qxa5 Qb8 31. Rc4 Qxf4+ 32. Kg1 Ra8 33. Qc7 Qg5 34. Rc5
Rd7 35. Qxd7 Bxd7 36. Rxg5 Bxg5 37. Bxd4+ Bf6 38. Bxf6+ Kxf6 39. Rf1+ Bf5 40.
Bd5 Rb8 41. b3 Ke5 42. Bxf7 Kd4 43. Rf4+ Ke3 44. Rxh4 Rc8 45. Bc4 Ra8 46. Kh2
Ra2 47. Rh8 Rxc2 48. Re8+ Kd4 49. b4 Rb2 50. b5 1-0

[Event "English Online Blitz Gp1"]
[Site "chess.com INT"]
[Date "2020.05.09"]
[Round "7"]
[White "Lewis, Christopher D"]
[Black "Zabrocki, Philip"]
[Result "1-0"]
[WhiteElo "1834"]
[BlackElo "1948"]
[WhiteFideId "435767"]
[BlackFideId "426873"]
[EventDate "2020.05.09"]
[EventType "blitz"]

1. d4 Nf6 2. c4 g6 3. Nc3 Bg7 4. e4 d6 5. Bd3 O-O 6. f3 c5 7. dxc5 dxc5 8. Be3
Qa5 9. Qc1 Rd8 10. Bb1 Nc6 11. Ne2 Ne5 12. b3 Nd3+ 13. Bxd3 Rxd3 14. Bd2 Qd8 15.
Nf4 Rd7 16. Rb1 Bh6 17. Nfd5 Bxd2+ 18. Qxd2 e6 19. Nxf6+ Qxf6 20. Qe3 a6 21. e5
Qh4+ 22. g3 Qd8 23. Ne4 Rd3 24. Nf6+ Kg7 25. Qe4 Rb8 26. O-O b5 27. cxb5 axb5
28. Ne8+ Kf8 29. Nd6 Rd4 30. Qe3 Rxd6 31. exd6 Qxd6 32. Rfd1 Qb6 33. Rbc1 Bb7
34. Qxc5+ Qxc5+ 35. Rxc5 Bd5 36. Rf1 Ke7 37. Kf2 Kd6 38. Rfc1 b4 39. f4 Ra8 40.
R1c2 Ra7 41. Rb5 Rb7 42. Rxb7 Bxb7 43. Ke3 Bd5 44. Rd2 f5 45. Rd4 Kc5 46. Rd2
Kb5 47. Rc2 Kb6 48. Rc8 Kb5 49. Rh8 Be4 50. Rxh7 Bb1 51. Rh6 Bxa2 52. Rxg6 Bxb3
53. h4 Bd1 54. Rxe6 b3 55. Kd2 Bg4 56. Re8 Kb4 57. Kc1 Kc3 58. Rc8+ Kd3 59. Kb2
Bd1 60. Rc3+ Ke2 61. Rxb3 1-0

[Event "English Online Blitz Gp1"]
[Site "chess.com INT"]
[Date "2020.05.09"]
[Round "7"]
[White "Yapp, Christopher"]
[Black "Miller, George"]
[Result "1/2-1/2"]
[WhiteElo "1494"]
[BlackElo "1815"]
[WhiteFideId "450405"]
[BlackFideId "343114090"]
[EventDate "2020.05.09"]
[EventType "blitz"]

1. f4 e5 2. e4 d5 3. exd5 exf4 4. Nf3 Qxd5 5. Nc3 Qh5 6. Be2 Nf6 7. O-O Bd6 8.
d3 g5 9. Qe1 Be6 10. Nd4 Ng4 11. h3 Bc5 12. Kh1 Bxd4 13. Bxg4 Qh6 14. Nb5 Na6
15. Nxd4 O-O-O 16. Bxe6+ fxe6 17. Qxe6+ Qxe6 18. Nxe6 Rde8 19. Nxg5 Re2 20. Bxf4
Rxc2 21. b3 Rd8 22. Rfd1 h6 23. Ne4 Nb4 24. a3 Nxd3 25. Bxh6 Rb2 26. b4 a5 27.
Nc5 Nf2+ 28. Kh2 Nxd1 29. Rxd1 Rxd1 30. bxa5 Ra2 31. a4 b6 32. axb6 cxb6 33. Ne4
Rd3 34. Ng3 Rxa4 35. Nf5 Ra2 36. h4 b5 37. h5 b4 38. Ng3 b3 39. Bg7 b2 40. Bxb2
Rxb2 41. h6 Rdd2 42. Kh3 Rxg2 43. Kg4 Rb4+ 44. Kh3 Rxg3+ 45. Kxg3 Rb6 46. Kg4
Rxh6 47. Kg5 Ra6 48. Kf5 Kd7 49. Ke5 Ra5+ 50. Kd4 Kd6 51. Kc4 Rh5 52. Kb4 Rc5
53. Kb3 Kd5 54. Kb4 Kd4 55. Kb3 Rc4 56. Kb2 Kd3 57. Kb3 Rh4 58. Kb2 1/2-1/2

[Event "English Online Blitz Gp1"]
[Site "chess.com INT"]
[Date "2020.05.09"]
[Round "7"]
[White "Stepanyan, Henrik"]
[Black "Dong, Bao Nghia"]
[Result "1-0"]
[BlackTitle "CM"]
[WhiteElo "2196"]
[BlackElo "2227"]
[WhiteFideId "401030"]
[BlackFideId "12400343"]
[EventDate "2020.05.09"]
[EventType "blitz"]

1. d4 Nf6 2. c4 c5 3. d5 b5 4. e4 bxc4 5. e5 Ng8 6. Bxc4 Ba6 7. Qe2 Bxc4 8. Qxc4
d6 9. e6 fxe6 10. dxe6 Qa5+ 11. Bd2 Qa6 12. Qxa6 Nxa6 13. Nf3 Nc7 14. Nc3 Nxe6
15. O-O Nf6 16. Rfe1 Nc7 17. Ng5 e5 18. f4 Nd7 19. fxe5 dxe5 20. Bf4 h6 21. Nf3
O-O-O 22. Nxe5 Nxe5 23. Bxe5 Rg8 24. Rac1 Ne6 25. Ne4 Kb7 26. Red1 Nd4 27. Bxd4
cxd4 28. Rc4 g5 29. Rcxd4 Rxd4 30. Rxd4 Bg7 31. Rd7+ Kc6 32. Rd2 Re8 33. Ng3
Re1+ 34. Kf2 Rb1 35. b3 Be5 36. Nf5 h5 37. h3 Bf4 38. Rc2+ Kd5 39. Ne7+ Ke6 40.
Re2+ Kf7 41. Nc6 Bd6 42. Rc2 a6 43. Rd2 Bc5+ 44. Ke2 g4 45. hxg4 h4 46. Rc2 Bd6
47. Nd4 Be5 48. Nf3 Bf6 49. g5 Be7 50. Nxh4 Bxg5 51. Nf3 Bf6 52. g4 Rh1 53. g5
Bg7 54. Rc7+ Kg6 55. Rc6+ Kf5 56. Rxa6 Kf4 57. Ra4+ Kg3 58. g6 Rb1 59. Nd2 Rb2
60. Kd3 Bh6 61. Ne4+ Kf3 62. Ra7 Re2 63. Re7 Re3+ 64. Kd4 Kf4 65. Re8 Kf5 66.
Nd6+ 1-0

[Event "English Online Blitz Gp1"]
[Site "chess.com INT"]
[Date "2020.05.09"]
[Round "8"]
[White "Sygnowski, Tomasz"]
[Black "Pollack, Oscar"]
[Result "1-0"]
[WhiteElo "2143"]
[BlackElo "2057"]
[WhiteFideId "1115880"]
[BlackFideId "429414"]
[EventDate "2020.05.09"]
[EventType "blitz"]

1. e4 c5 2. Nf3 a6 3. a4 e6 4. Nc3 Qc7 5. Bc4 b6 6. O-O Bb7 7. d3 d6 8. Re1 Nd7
9. Bf4 h6 10. Bg3 Ngf6 11. e5 dxe5 12. Nxe5 Nxe5 13. Bxe5 Qc6 14. Ne4 Nxe4 15.
dxe4 b5 16. axb5 axb5 17. Rxa8+ Bxa8 18. Bd5 Qc8 19. Qg4 h5 20. Qh3 Rh6 21. Bf4
Rg6 22. Bxa8 Qxa8 23. Qxh5 Qa5 24. c3 Qa2 25. Qh8 Qxb2 26. Bd6 Qd2 27. Qxf8+ Kd7
28. Qe7+ Kc6 29. Qc7# 1-0

[Event "English Online Blitz Gp1"]
[Site "chess.com INT"]
[Date "2020.05.09"]
[Round "8"]
[White "Haydon, David L"]
[Black "Wadsworth, Matthew J"]
[Result "1-0"]
[WhiteTitle "FM"]
[BlackTitle "IM"]
[WhiteElo "2294"]
[BlackElo "2416"]
[WhiteFideId "415405"]
[BlackFideId "415804"]
[EventDate "2020.05.09"]
[EventType "blitz"]

1. Nf3 Nf6 2. g3 d5 3. Bg2 c6 4. c4 dxc4 5. Qc2 Be6 6. Na3 b5 7. b3 g6 8. Ng5
Qd7 9. Nxe6 Qxe6 10. Nxb5 cxb5 11. Bxa8 Bg7 12. Bb2 O-O 13. Bf3 g5 14. bxc4 bxc4
15. O-O g4 16. Bg2 Nbd7 17. d3 Nb6 18. Bd4 Rc8 19. Bxb6 axb6 20. dxc4 Rxc4 21.
Qd3 Ne4 22. Rac1 Rxc1 23. Rxc1 Nd6 24. Bd5 Qe5 25. Bb3 Qg5 26. Rc2 Bf6 27. Kg2
Kg7 28. Rc6 Qa5 29. Qd5 Qa7 30. a4 Qd7 31. Rc4 Qa7 32. Rxg4+ Kf8 33. h4 Qd7 34.
Rf4 Bg7 35. Rxf7+ 1-0

[Event "English Online Blitz Gp1"]
[Site "chess.com INT"]
[Date "2020.05.09"]
[Round "8"]
[White "Claridge-Hansen, William"]
[Black "Jones, Gawain C B"]
[Result "0-1"]
[WhiteTitle "FM"]
[BlackTitle "GM"]
[WhiteElo "2290"]
[BlackElo "2670"]
[WhiteFideId "422509"]
[BlackFideId "409561"]
[EventDate "2020.05.09"]
[EventType "blitz"]

1. c4 g6 2. g3 Bg7 3. Bg2 c5 4. Nc3 Nc6 5. Nf3 d6 6. O-O e6 7. e3 Nge7 8. d4 O-O
9. d5 Na5 10. Nd2 exd5 11. cxd5 a6 12. a4 Rb8 13. Qc2 b5 14. axb5 axb5 15. Nde4
b4 16. Na4 c4 17. Rd1 Nb3 18. Ra2 Ba6 19. Nd2 Nd4 20. Qe4 Ne2+ 21. Kh1 c3 22.
Nb3 Bb5 23. bxc3 Bxa4 0-1

[Event "English Online Blitz Gp1"]
[Site "chess.com INT"]
[Date "2020.05.09"]
[Round "8"]
[White "Fernandez, Daniel Howard"]
[Black "Varney, Zoe"]
[Result "1-0"]
[WhiteTitle "GM"]
[WhiteElo "2466"]
[BlackElo "1917"]
[WhiteFideId "5801605"]
[BlackFideId "436135"]
[EventDate "2020.05.09"]
[EventType "blitz"]

1. c4 c6 2. g3 d5 3. cxd5 cxd5 4. Bg2 Nf6 5. Nf3 Nc6 6. O-O Bf5 7. a3 e6 8. b4
a6 9. Bb2 Bd6 10. d3 O-O 11. Nbd2 h6 12. Rc1 Bh7 13. Nb3 e5 14. Nc5 Bxc5 15.
Rxc5 e4 16. Nd4 Nd7 17. Nxc6 bxc6 18. Rxc6 Rc8 19. Rxc8 Qxc8 20. dxe4 Bxe4 21.
Qd4 Nf6 22. Rc1 Qe6 23. Qe5 Rc8 24. Qxe6 Rxc1+ 25. Bxc1 fxe6 26. a4 Bc2 27. b5
axb5 28. axb5 Nd7 29. e4 d4 30. f4 d3 31. Bf1 Kf7 32. Kf2 Nc5 33. Ke3 Ke7 34.
Ba3 Kd6 35. b6 d2 36. b7 d1=N+ 37. Kd2 Kc7 38. Bxc5 Bxe4 39. Kxd1 Kxb7 40. Bf8
Bf3+ 41. Be2 Bd5 42. Bxg7 1-0

[Event "English Online Blitz Gp1"]
[Site "chess.com INT"]
[Date "2020.05.09"]
[Round "8"]
[White "Kalavannan, Koby"]
[Black "Harvey, Marcus R"]
[Result "1-0"]
[WhiteTitle "FM"]
[BlackTitle "FM"]
[WhiteElo "2324"]
[BlackElo "2440"]
[WhiteFideId "425753"]
[BlackFideId "400092"]
[EventDate "2020.05.09"]
[EventType "blitz"]

1. d4 f5 2. g3 Nf6 3. Bg2 g6 4. Nh3 Bg7 5. Nf4 c6 6. c4 d6 7. d5 e5 8. dxe6 Qe7
9. h4 Bxe6 10. Nxe6 Qxe6 11. Nc3 Na6 12. Bf4 O-O-O 13. Rc1 Kb8 14. O-O Ng4 15.
Qa4 Nc5 16. Qa3 Be5 17. Bg5 Bf6 18. Bf4 Be5 19. Bg5 Rd7 20. b4 Bxc3 21. Qxc3 Re8
22. bxc5 dxc5 23. Bf4+ Ka8 24. e3 h6 25. Rcd1 g5 26. Rxd7 Qxd7 27. hxg5 hxg5 28.
Bxg5 Qh7 29. Bh4 Qd7 30. Bf3 Ne5 31. Be2 Qg7 32. Kg2 Qf7 33. Rd1 Ng6 34. Qf6 Qg8
35. Rd8+ Rxd8 36. Qxd8+ 1-0

[Event "English Online Blitz Gp1"]
[Site "chess.com INT"]
[Date "2020.05.09"]
[Round "8"]
[White "Stojanas, Justinas"]
[Black "Arkell, Keith C"]
[Result "1-0"]
[BlackTitle "GM"]
[WhiteElo "2106"]
[BlackElo "2429"]
[WhiteFideId "12802328"]
[BlackFideId "400270"]
[EventDate "2020.05.09"]
[EventType "blitz"]

1. e4 c6 2. d4 d5 3. Nd2 dxe4 4. Nxe4 Nd7 5. Nf3 Ngf6 6. Nxf6+ Nxf6 7. Bc4 Bf5
8. O-O e6 9. Re1 Bg4 10. c3 Be7 11. h3 Bxf3 12. Qxf3 O-O 13. Bf4 Nd5 14. Bh2 Bd6
15. Be5 Qe7 16. Bd3 Rfd8 17. Bc2 g6 18. Re2 Bxe5 19. Rxe5 Rd7 20. Rae1 Rad8 21.
a4 Kg7 22. g3 Qf6 23. Qe2 a6 24. Kg2 Rd6 25. a5 R8d7 26. h4 Qd8 27. h5 Qxa5 28.
hxg6 hxg6 29. Qg4 Qd8 30. Rh1 Nf6 31. Qh4 Nh5 32. Rxh5 gxh5 33. Qxh5 Kf8 34.
Qh8+ Ke7 35. Qh4+ Kf8 36. Qh6+ Ke8 37. Qg7 Ke7 38. Rh8 Qxh8 39. Qxh8 Rd8 40.
Qh4+ Kd7 41. Qf6 Rf8 42. c4 c5 43. dxc5 Rd2 44. Be4 Kc8 45. Qe7 1-0

[Event "English Online Blitz Gp1"]
[Site "chess.com INT"]
[Date "2020.05.09"]
[Round "8"]
[White "Palucha, Szymon"]
[Black "Friar, James P"]
[Result "1-0"]
[WhiteElo "1990"]
[BlackElo "1591"]
[WhiteFideId "430005"]
[BlackFideId "424137"]
[EventDate "2020.05.09"]
[EventType "blitz"]

1. e4 e5 2. Nf3 Nf6 3. Nxe5 d6 4. Nf3 Nxe4 5. Nc3 Nf6 6. d4 d5 7. Bd3 Bd6 8. Bg5
c6 9. h3 O-O 10. O-O h6 11. Bh4 Be6 12. Qd2 Nbd7 13. Rae1 Qc7 14. Ne2 Rfe8 15.
Bg3 Ne4 16. Bxd6 Qxd6 17. Qf4 Qxf4 18. Nxf4 Bf5 19. Re3 Ndf6 20. Rfe1 Kf8 21.
Ne5 Nd6 22. g4 Bxd3 23. Nfxd3 g5 24. f3 Kg7 25. c3 h5 26. Kg2 h4 27. f4 Nfe4 28.
fxg5 Nxg5 29. Nf4 f6 30. Nh5+ Kh6 31. Nxf6 Rf8 32. Nfd7 Nge4 33. Nxf8 Rxf8 34.
Nf3 1-0

[Event "English Online Blitz Gp1"]
[Site "chess.com INT"]
[Date "2020.05.09"]
[Round "8"]
[White "Pert, Richard G"]
[Black "Adair, James R"]
[Result "0-1"]
[WhiteTitle "IM"]
[BlackTitle "IM"]
[WhiteElo "2416"]
[BlackElo "2450"]
[WhiteFideId "404748"]
[BlackFideId "406252"]
[EventDate "2020.05.09"]
[EventType "blitz"]

1. d4 Nf6 2. Bg5 d5 3. e3 c5 4. Bxf6 gxf6 5. dxc5 e6 6. c4 dxc4 7. Nd2 c3 8.
bxc3 Bxc5 9. Qg4 Bf8 10. Ngf3 Qc7 11. Rb1 Nd7 12. Be2 f5 13. Qa4 Bg7 14. O-O O-O
15. e4 Nc5 16. Qc4 b6 17. exf5 Ba6 18. Qh4 Bxe2 19. f6 Bxf6 20. Qxf6 Qd8 21. Qh6
Bxf1 22. Nxf1 Qd3 23. Rb4 Qg6 24. Qh4 Kh8 25. Rg4 Qf5 26. Rg5 Qf6 27. Rg8+ Kxg8
28. Qxf6 Rad8 29. h4 Rd5 30. Ne5 Ne4 31. Qf4 Nxc3 32. Ne3 Ne2+ 33. Kh2 Nxf4 0-1

[Event "English Online Blitz Gp1"]
[Site "chess.com INT"]
[Date "2020.05.09"]
[Round "8"]
[White "Sucikova, Svetlana"]
[Black "Zakarian, David"]
[Result "0-1"]
[WhiteTitle "WFM"]
[BlackTitle "FM"]
[WhiteElo "2171"]
[BlackElo "2306"]
[WhiteFideId "14923653"]
[BlackFideId "13301276"]
[EventDate "2020.05.09"]
[EventType "blitz"]

1. Nf3 Nf6 2. c4 g6 3. e3 Bg7 4. Be2 O-O 5. O-O d6 6. Nc3 Nc6 7. b3 e5 8. Bb2 h6
9. d4 exd4 10. Nxd4 Bd7 11. Nd5 Re8 12. Nxc6 bxc6 13. Nxf6+ Bxf6 14. Bd4 a5 15.
Bf3 Rb8 16. Qd2 Ra8 17. Rfd1 Kg7 18. Bc3 Bxc3 19. Qxc3+ Qf6 20. Qd4 Ra6 21. Be2
c5 22. Qxf6+ Kxf6 23. Bf3 Rb8 24. Rab1 a4 25. bxa4 Rxb1 26. Rxb1 Rxa4 27. Be2
Rxa2 28. Bf1 Be6 29. g3 Rc2 30. Rb7 Bxc4 31. Bxc4 Rxc4 32. Rxc7 Ke6 33. Kf1 Rc2
34. Ke1 h5 35. Rc8 d5 36. Rc6+ Ke5 37. Rc7 f6 38. Re7+ Kf5 39. h3 c4 40. Re8 c3
41. Rd8 Ke4 42. Rd7 Kf3 43. Rxd5 Rc1+ 44. Rd1 Rxd1+ 45. Kxd1 Kxf2 0-1

[Event "English Online Blitz Gp1"]
[Site "chess.com INT"]
[Date "2020.05.09"]
[Round "8"]
[White "Miller, George"]
[Black "Ashworth, Robert"]
[Result "0-1"]
[WhiteElo "1815"]
[BlackElo "1577"]
[WhiteFideId "343114090"]
[BlackFideId "426563"]
[EventDate "2020.05.09"]
[EventType "blitz"]

1. d4 d5 2. Nf3 Nf6 3. g3 e6 4. Bg2 c5 5. O-O Nc6 6. c4 Be7 7. Nc3 dxc4 8. dxc5
Qxd1 9. Rxd1 Bxc5 10. Bg5 O-O 11. a4 Ng4 12. h3 Nxf2 13. Rf1 Ne4+ 14. Kh2 Nxc3
15. bxc3 f6 16. Bc1 Bd7 17. Nd2 Na5 18. Rb1 Rab8 19. Rf4 Bxa4 20. Nxc4 Nxc4 21.
Rxc4 Bc2 22. Rxb7 Rxb7 23. Bxb7 Bd6 24. Be3 a5 25. Rc6 Rd8 26. Ra6 a4 27. Bc6 a3
28. Kg2 Bb3 29. Bc1 a2 30. Bb2 Be5 31. Ba4 Bc4 32. Ra7 Rd2 33. Ra8+ Kf7 34. Ra7+
Kg6 35. Be8+ Kh6 36. Bc1 Bxc3 37. Kf3 a1=Q 38. Rxa1 Bxa1 39. Bxd2+ g5 40. e4 Be5
41. g4 Bf1 42. Ba5 Bxh3 43. Bd8 Kg7 44. Be7 Bf1 45. Bh5 Bd3 46. Be8 Bc4 47. Bh5
Kh6 48. Be8 Kg7 49. Bh5 Bd3 50. Be8 Kg8 51. Bh5 h6 52. Be8 Bc7 53. Bg6 Bc2 54.
Be8 f5 55. exf5 exf5 56. Bg6 fxg4+ 57. Kxg4 Bxg6 58. Bxg5 hxg5 59. Kxg5 Kg7 60.
Kg4 Kf6 61. Kf3 Kf5 0-1

[Event "English Online Blitz Gp1"]
[Site "chess.com INT"]
[Date "2020.05.09"]
[Round "8"]
[White "Ghasi, Ameet K"]
[Black "Willow, Jonah B"]
[Result "0-1"]
[WhiteTitle "IM"]
[BlackTitle "FM"]
[WhiteElo "2485"]
[BlackElo "2386"]
[WhiteFideId "409200"]
[BlackFideId "438804"]
[EventDate "2020.05.09"]
[EventType "blitz"]

1. Nf3 c5 2. g3 Nc6 3. Bg2 g6 4. O-O Bg7 5. d3 e6 6. c4 Nge7 7. Nc3 O-O 8. Bd2
b6 9. a3 Bb7 10. Rb1 a5 11. Qc1 Nf5 12. Bg5 f6 13. Bd2 d6 14. e3 Nfe7 15. d4 f5
16. Nb5 Qd7 17. b4 axb4 18. axb4 Nxb4 19. Bxb4 cxb4 20. Rxb4 Nc6 21. Rb2 Na5 22.
Rc2 Be4 23. Rc3 Rfc8 24. Nd2 Bxg2 25. Kxg2 d5 26. Qb2 Nxc4 27. Nxc4 dxc4 28. Rb1
Ra5 29. Kg1 Bf8 30. Rc2 Qc6 31. h4 Rca8 32. d5 exd5 33. Nd4 Qf6 34. Qxb6 Qxb6
35. Rxb6 Bc5 36. Rb7 Bxd4 37. exd4 R8a7 38. Rb8+ Kf7 39. Re2 Ra1+ 40. Kg2 Rd1
41. h5 Rxd4 42. h6 Re4 43. Reb2 Ree7 44. R2b6 Re6 45. Rb5 Rd6 46. f4 c3 47. Rh8
Ke6 48. Re8+ Kd7 49. Rbb8 c2 50. Red8+ Kc6 51. Rdc8+ Rc7 0-1

[Event "English Online Blitz Gp1"]
[Site "chess.com INT"]
[Date "2020.05.09"]
[Round "8"]
[White "Greet, Andrew N"]
[Black "Chow, Samuel"]
[Result "1-0"]
[WhiteTitle "IM"]
[BlackTitle "FM"]
[WhiteElo "2417"]
[BlackElo "2345"]
[WhiteFideId "405817"]
[BlackFideId "3202992"]
[EventDate "2020.05.09"]
[EventType "blitz"]

1. e4 e6 2. Nf3 d5 3. e5 c5 4. b4 d4 5. bxc5 Bxc5 6. Ba3 Qa5 7. Qc1 Nc6 8. Qb2
Nge7 9. Bb5 Bxa3 10. Nxa3 O-O 11. Nc4 Qc7 12. O-O Rd8 13. a4 a6 14. Bxc6 Nxc6
15. Qb6 Qe7 16. a5 Rb8 17. Rab1 Bd7 18. Rb3 Be8 19. Rfb1 h6 20. Ne1 Qh4 21. Rg3
Ne7 22. Nf3 Qf4 23. d3 Bc6 24. Nd6 Nf5 25. Nxf5 exf5 26. Re1 Bxf3 27. Rxf3 Qd2
28. Rf1 Qxc2 29. e6 fxe6 30. Qxe6+ Kh8 31. Qxf5 Qc3 32. Qg6 Qxa5 33. Rf7 Qg5 34.
Rxg7 Qxg6 35. Rxg6 Kh7 36. Rb6 Rd7 37. Rfb1 a5 38. Kf1 a4 39. Ra1 Ra8 40. Rb4 a3
41. Rb3 Rc7 42. Rbxa3 Rxa3 43. Rxa3 Kg6 44. Ke2 Kf5 45. Ra5+ Ke6 46. Rb5 Kd6 47.
Rh5 Re7+ 48. Kd2 Re6 49. g4 Kc6 50. f4 b5 51. f5 Rf6 52. Rh3 Kd5 53. Rf3 Ke5 54.
h4 Ra6 55. g5 hxg5 56. hxg5 Ra2+ 57. Kc1 Rg2 58. f6 1-0

[Event "English Online Blitz Gp1"]
[Site "chess.com INT"]
[Date "2020.05.09"]
[Round "8"]
[White "Rendle, Thomas E"]
[Black "Cooper, Lawrence H"]
[Result "1-0"]
[WhiteTitle "IM"]
[BlackTitle "IM"]
[WhiteElo "2365"]
[BlackElo "2331"]
[WhiteFideId "408760"]
[BlackFideId "401536"]
[EventDate "2020.05.09"]
[EventType "blitz"]

1. f4 c5 2. Nf3 Nf6 3. g3 g6 4. Bg2 Bg7 5. O-O O-O 6. d3 d5 7. Nc3 d4 8. Na4 Na6
9. c4 dxc3 10. Nxc3 Nd5 11. Bd2 Nac7 12. Rc1 b6 13. e4 Nb4 14. e5 Bb7 15. Be3
Qxd3 16. Qxd3 Nxd3 17. Rc2 Rad8 18. Ng5 Bxg2 19. Kxg2 Nb4 20. Re2 Nbd5 21. Bd2
Nxc3 22. Bxc3 Rd3 23. Rf3 Rfd8 24. Ne4 Rxf3 25. Kxf3 Rd3+ 26. Kf2 Rd1 27. Be1
Ne6 28. Rd2 Rxd2+ 29. Bxd2 f6 30. exf6 exf6 31. f5 gxf5 32. Nd6 Nd8 33. Nxf5 Nc6
34. Ke3 Kf7 35. Ke4 Bf8 36. Bc3 Ke6 37. g4 b5 38. b3 a5 39. Ne3 b4 40. Bb2 Bh6
41. Nd5 Ne7 42. Nb6 f5+ 43. Kf3 fxg4+ 44. Kxg4 Nd5 45. Nc4 a4 46. bxa4 Bf8 47.
a5 Kd7 48. Kf5 Kc6 49. Ke6 Nf4+ 50. Kf7 Bh6 51. Bc1 Kb5 52. Nd6+ Kc6 53. Nf5 Bg5
54. h4 Ne2 55. Bxg5 c4 56. Kg7 c3 57. Ne3 Kb5 58. Kxh7 Kxa5 59. h5 Ka4 60. h6
Ka3 61. Nc2+ Ka4 62. Kg7 Ng3 63. h7 Nf5+ 64. Kg6 Ne7+ 65. Bxe7 1-0

[Event "English Online Blitz Gp1"]
[Site "chess.com INT"]
[Date "2020.05.09"]
[Round "8"]
[White "Horton, Andrew P"]
[Black "Stepanyan, Henrik"]
[Result "1-0"]
[WhiteTitle "IM"]
[WhiteElo "2375"]
[BlackElo "2196"]
[WhiteFideId "424269"]
[BlackFideId "401030"]
[EventDate "2020.05.09"]
[EventType "blitz"]

1. Nf3 d5 2. c4 e6 3. g3 c5 4. Bg2 Nc6 5. O-O Nf6 6. b3 Be7 7. Bb2 O-O 8. e3 b6
9. Nc3 Bb7 10. cxd5 exd5 11. d4 Rc8 12. Rc1 Re8 13. Re1 Bf8 14. dxc5 bxc5 15.
Na4 Nb4 16. a3 Na6 17. Nc3 h6 18. Ne2 Qb6 19. Nf4 Red8 20. Bh3 Ra8 21. Bg2 Rac8
22. Qc2 d4 23. Ne5 Bxg2 24. Kxg2 Qb7+ 25. Kg1 Rb8 26. Ba1 Rdc8 27. Rb1 Bd6 28.
exd4 cxd4 29. Qf5 Bc5 30. b4 Bb6 31. Ng4 Nxg4 32. Qxg4 Rc6 33. Rbd1 Rd6 34. Nh5
Rg6 35. Qe4 Qxe4 36. Rxe4 Rd8 37. Nf4 Rgd6 38. Nd3 Nc7 39. Rc1 Nb5 40. Bb2 Nc3
41. Ree1 Na4 42. Ba1 f6 43. Kf1 Kf7 44. Red1 R8d7 45. h4 g5 46. h5 Rd5 47. g4
Bc7 48. Kg2 Be5 49. Rc4 Nb6 50. Rc5 Rxc5 51. Nxc5 Rd5 52. Rd3 Nc4 53. Kf3 Nd6
54. Ne4 Nb5 55. Bb2 a6 56. a4 Nd6 57. Nxd6+ Rxd6 58. Ke4 Ke6 59. Bxd4 Bxd4 60.
Rxd4 Rc6 61. Kd3 Rc1 62. Re4+ Kd6 63. Rc4 Rd1+ 64. Ke4 Rf1 65. f3 Rf2 66. Rc3
Rb2 67. Kf5 Rxb4 68. Kxf6 Rxa4 69. Kg6 Ke5 70. Kxh6 Kf4 71. Kg7 Ra1 72. h6 1-0

[Event "English Online Blitz Gp1"]
[Site "chess.com INT"]
[Date "2020.05.09"]
[Round "8"]
[White "Dong, Bao Nghia"]
[Black "Sedykh, Mikhail"]
[Result "1-0"]
[WhiteTitle "CM"]
[WhiteElo "2227"]
[BlackElo "2119"]
[WhiteFideId "12400343"]
[BlackFideId "447498"]
[EventDate "2020.05.09"]
[EventType "blitz"]

1. d4 d5 2. c4 e6 3. Nc3 Nf6 4. Bg5 Be7 5. e3 Nbd7 6. Nf3 O-O 7. Qc2 c5 8. cxd5
exd5 9. Be2 b6 10. O-O Bb7 11. Rfd1 h6 12. Bh4 Rc8 13. Qa4 a6 14. dxc5 Nxc5 15.
Qd4 Qc7 16. Rac1 Rfd8 17. Na4 Bc6 18. Nxc5 bxc5 19. Qd2 Ne4 20. Qc2 Bxh4 21.
Nxh4 Bb5 22. Bg4 Rb8 23. Bf5 Qe5 24. Bxe4 dxe4 25. g3 Bd3 26. Qxc5 Qxc5 27. Rxc5
Rxb2 28. Ra5 Rdb8 29. h3 Rc2 30. Ng2 Rbb2 31. Rf5 Rxa2 32. Nf4 Rd2 33. Rxd2 Rxd2
34. Ra5 Rd1+ 35. Kh2 g5 36. Nxd3 Rxd3 37. Rxa6 Kg7 38. g4 Rd7 39. Kg3 Rb7 40. h4
gxh4+ 41. Kxh4 Rb5 42. Kg3 Rb2 43. Ra4 Rb5 44. Rxe4 Ra5 45. Rd4 Rb5 46. Kf4 Ra5
47. f3 Ra3 48. e4 Rb3 49. Rd5 Ra3 50. g5 hxg5+ 51. Rxg5+ Kf8 52. Rb5 Rc3 53. Kg4
Ra3 54. e5 Rc3 55. f4 Rc6 56. Kf5 Ra6 57. Rb1 Rc6 58. Rh1 Ra6 59. Kg5 Ra2 60. f5
Ke7 61. Rh4 Rg2+ 62. Rg4 Re2 63. Kf4 Rf2+ 64. Ke4 Re2+ 65. Kd5 Rd2+ 66. Rd4 Rf2
67. f6+ Kd7 68. Ke4+ Ke8 69. Ra4 Re2+ 70. Kd5 Rd2+ 71. Rd4 Ra2 72. Rh4 Ra5+ 73.
Kd6 Ra6+ 74. Kc7 Ra7+ 75. Kc6 Ra6+ 76. Kc7 Ra7+ 77. Kb6 Ra1 78. Rd4 Rb1+ 79. Kc6
Rc1+ 80. Kd6 Ra1 81. Rc4 Rd1+ 82. Kc7 Ra1 83. Rb4 Ra7+ 84. Kd6 Ra6+ 85. Kd5 Ra5+
86. Ke4 Ra7 87. Rb8+ Kd7 88. Rf8 Kc6 89. e6 fxe6 90. Ke5 Kd7 91. Rf7+ 1-0